| 000 | 00630nam a2200181 i 4500 | ||
|---|---|---|---|
| 001 | 128193 | ||
| 003 | ES-MaACL | ||
| 007 | t| | ||
| 008 | 070625s1957 mx ||||1| spa d | ||
| 100 | 1 |
_aZimmermann, Erich W. _9118272 |
|
| 245 | 1 | 0 |
_aRecursos e industrias del mundo / _cErich W. Zimmermann ; [en la traducción de esta obra han colaborado... Gonzalo Robles, José Bullejos]. |
| 250 | _a1ª ed. | ||
| 260 |
_aMéxico : _bFondo de Cultura Económica, _c[1957] ( _fNuevo Mundo) |
||
| 300 |
_a771 p. ; _c28 cm. |
||
| 700 | 1 |
_aRobles, Gonzalo. _997931 |
|
| 700 | 1 |
_aBullejos, José. _932509 |
|
| 852 |
_aES-MaACL _jC-5957 _bR.44696 |
||
| 999 |
_c128193 _d128193 |
||